| 000 | 01001nam a2200205Ii 4500 | ||
|---|---|---|---|
| 003 | JO-AjNU | ||
| 008 | 230605s9999||||xx |||||||||||||| ||und|| | ||
| 017 | _a2018/4/1885 | ||
| 040 |
_aJO-AjNU _bara _erda _cJO-AjNU |
||
| 041 | _aara | ||
| 050 | 1 | 4 | _aDS153.3.M34 2018 |
| 100 | 3 |
_aاشراف وحدة التوثيق والارشفة - الديوان الملكي العامر؛ المادة والبحث العلمي منتهى قبلان العبداللات، سامر سميح الفنش، متابعة وتحرير وتنسيق جنان زكي أبو زياد واخرون, _eauthor _958805 |
|
| 245 | 0 | 0 | _aقصر رغدان العامر: شاهد على النشاة والنهضة |
| 264 | 3 | 1 | _aعمان: الديوان الملكي الهاشمي، 2018 |
| 300 |
_a135ص _bصور توضيحية |
||
| 336 |
_atext _btxt _2rdacontent |
||
| 337 |
_aunmediated _bn _2rdamedia |
||
| 338 |
_avolume _bnc _2rdacarrier |
||
| 650 | 4 |
_aالاردن - تاريخ - قصر رغدان العامر _958806 |
|
| 999 |
_aA26428 _c29996 _d29996 |
||